[Event "ISL-chT 1516"]
[Site "Reykjavik"]
[Date "2016.03.04"]
[Round "7.2"]
[White "Bjornsson, Sigurbjorn"]
[Black "Karlsson, Bjorn Ivar"]
[Result "0-1"]
[WhiteElo "2304"]
[BlackElo "2271"]
[PlyCount "74"]
[EventDate "2015.09.24"]
[EventType "team-tourn"]
[EventRounds "9"]
[EventCountry "ISL"]
[SourceTitle "EXT 2017"]
[Source "ChessBase"]
[SourceDate "2016.10.25"]
[SourceVersion "1"]
[SourceVersionDate "2016.10.25"]
[SourceQuality "1"]
[WhiteTeam "Fjolnir"]
[BlackTeam "Akureyri"]
[WhiteTeamCountry "ISL"]
[BlackTeamCountry "ISL"]

1. e4 c5 2. Nf3 e6 3. g3 d5 4. exd5 exd5 5. d4 Nc6 6. Bg2 Bg4 7. 0-0 cxd4 8. Nbd2 Bc5 9. h3 Bh5 10. Nb3 Bb6 11. Re1+ Nge7 12. Bg5 f6 13. Bf4 0-0 14. g4 Bf7 15. Nbxd4 Ng6 16. Bg3 Qd7 17. Qd2 Rfe8 18. c3 Bc7 19. Nxc6 bxc6 20. Kh2 Bxg3+ 21. fxg3 Ne5 22. b3 Rad8 23. Rad1 Nxf3+ 24. Bxf3 Rxe1 25. Qxe1 Re8 26. Qf2 Qe7 27. Kg2 h6 28. Qd4 Qa3 29. Qd2 a5 30. Qc2 Qc5 31. Qd2 Re3 32. Rc1 Bg6 33. Qd4 Qe7 34. c4 Rd3 35. Qf4 Qa3 36. cxd5 Qb2+ 37. Kg1 Rxf3 0-1

[Event "ISL-chT 1415"]
[Site "Reykjavik"]
[Date "2014.10.03"]
[Round "2.5"]
[White "Karlsson, Bjorn Ivar"]
[Black "Runarsson, Gunnar Freyr"]
[Result "1-0"]
[WhiteElo "2268"]
[BlackElo "2054"]
[PlyCount "139"]
[EventDate "2014.10.02"]
[EventType "team-tourn"]
[EventRounds "9"]
[EventCountry "ISL"]
[SourceTitle "EXT 2015"]
[Source "ChessBase"]
[SourceDate "2014.11.20"]
[SourceVersion "1"]
[SourceVersionDate "2014.11.20"]
[SourceQuality "1"]
[WhiteTeam "Vestmannaeyja"]
[BlackTeam "Vikingaklubburinn"]
[WhiteTeamCountry "ISL"]
[BlackTeamCountry "ISL"]

1. e4 e5 2. Bc4 Nf6 3. Nf3 d5 4. exd5 Bd6 5. d3 h6 6. h3 0-0 7. Nc3 Re8 8. Be3 Bb4 9. 0-0 Bxc3 10. bxc3 Nxd5 11. Bd2 Nb6 12. Bb3 c5 13. Be3 e4 14. dxe4 Qxd1 15. Rfxd1 Na6 16. Bd5 Nxd5 17. exd5 Bf5 18. Rd2 b6 19. a4 Rad8 20. a5 b5 21. d6 Re6 22. Rad1 Be4 23. Nh2 f5 24. h4 Kf7 25. Nf1 Rd7 26. Ng3 b4 27. cxb4 cxb4 28. Bxa7 f4 29. Nxe4 Rxe4 30. Rd4 Rxd4 31. Rxd4 Ke6 32. Bb6 Rxd6 33. Rxf4 Rc6 34. Re4+ Kf5 35. Re2 g5 36. hxg5 hxg5 37. Rd2 g4 38. Kf1 Ke5 39. Bd4+ Ke4 40. Ke2 Nc7 41. Be3 Nd5 42. Rd4+ Ke5 43. Kd2 Ra6 44. Rxg4 Rxa5 45. f3 Ra2 46. Bd4+ Kf5 47. Kc1 Nf4 48. Bb2 b3 49. g3 Ne2+ 50. Kb1 Ra6 51. cxb3 Ng1 52. b4 Ra4 53. Kc2 Ke6 54. Kb3 Ra8 55. Re4+ Kd6 56. f4 Rg8 57. Re3 Nh3 58. Bd4 Nf2 59. Kc4 Nh1 60. f5 Rg4 61. f6 Nxg3 62. f7 Rf4 63. f8Q+ Rxf8 64. Bc5+ Kd7 65. Bxf8 Nf5 66. Rf3 Nh4 67. Rf6 Ng2 68. Kd3 Ne1+ 69. Kd2 Ng2 70. b5 1-0

[Event "ISL-chT 1314"]
[Site "Reykjavik"]
[Date "2013.10.12"]
[Round "3.4"]
[White "Karlsson, Bjorn Ivar"]
[Black "Einarsson, Halldor Gretar"]
[Result "1/2-1/2"]
[WhiteElo "2269"]
[BlackElo "2194"]
[PlyCount "142"]
[EventDate "2013.10.10"]
[EventType "team-tourn"]
[EventRounds "9"]
[EventCountry "ISL"]
[SourceTitle "EXT 2014"]
[Source "ChessBase"]
[SourceDate "2013.11.20"]
[SourceVersion "1"]
[SourceVersionDate "2013.11.20"]
[SourceQuality "1"]
[WhiteTeam "Vestmannaeyja"]
[BlackTeam "Bolungarvik"]
[WhiteTeamCountry "ISL"]
[BlackTeamCountry "ISL"]

1. e4 c5 2. c3 Nf6 3. e5 Nd5 4. d4 cxd4 5. Nf3 Nc6 6. cxd4 d6 7. Bc4 Nb6 8. Bb3 dxe5 9. d5 Nb4 10. Nxe5 N4xd5 11. Be3 e6 12. 0-0 Bd6 13. Bxb6 Nxb6 14. Qe2 Qc7 15. Qb5+ Nd7 16. Nf3 0-0 17. Nbd2 Ne5 18. Rac1 Bd7 19. Qe2 Nxf3+ 20. Nxf3 Bc6 21. h3 Qa5 22. Nd4 Bd5 23. Qh5 Rad8 24. Bxd5 Bf4 25. Nb3 Qxd5 26. Qxd5 Rxd5 27. Rc2 Rfd8 28. g3 Be5 29. Kg2 g6 30. Re1 Bf6 31. Re4 b6 32. Rec4 Rd1 33. Nc1 R8d2 34. b3 Bd4 35. Ne2 Bc5 36. Kf3 Kg7 37. Kg2 e5 38. a4 Rxc2 39. Rxc2 Rb1 40. Rc3 Rb2 41. Kf1 e4 42. g4 f5 43. a5 f4 44. f3 e3 45. h4 Kf6 46. axb6 Bxb6 47. Rc4 Rxb3 48. Rxf4+ Ke5 49. Re4+ Kd6 50. f4 a5 51. f5 Rb4 52. Re6+ Kd7 53. fxg6 hxg6 54. Rxg6 a4 55. Rg8 Rb1+ 56. Kg2 Re1 57. Kf3 Rf1+ 58. Ke4 Rf2 59. Kd3 a3 60. Ra8 Rg2 61. Rxa3 Rxg4 62. Rb3 Kc7 63. Rc3+ Kd6 64. Rb3 Bc5 65. h5 Rh4 66. Ng3 Rd4+ 67. Ke2 Rd2+ 68. Ke1 Kd5 69. Nf1 Ra2 70. Nxe3+ Bxe3 71. Rxe3 Rh2 1/2-1/2

[Event "Reykjavik op"]
[Site "Reykjavik"]
[Date "2012.03.11"]
[Round "7"]
[White "Karlsson, Bjorn Ivar"]
[Black "Ragnarsson, Dagur"]
[Result "1-0"]
[WhiteElo "2250"]
[BlackElo "1858"]
[PlyCount "203"]
[EventDate "2012.03.06"]
[EventType "swiss"]
[EventRounds "9"]
[EventCountry "ISL"]
[SourceTitle "CBM 147 Extra"]
[Source "ChessBase"]
[SourceDate "2012.04.24"]
[SourceVersion "1"]
[SourceVersionDate "2012.04.24"]
[SourceQuality "1"]

1. Nf3 Nf6 2. c4 e6 3. Nc3 d5 4. e3 Be7 5. a3 0-0 6. d4 a6 7. b4 dxc4 8. Bxc4 b5 9. Bd3 Bb7 10. Bb2 Nbd7 11. e4 Re8 12. 0-0 Nf8 13. Re1 Ng6 14. g3 Nd7 15. Rc1 e5 16. d5 Bd6 17. h4 Nf6 18. Nd2 c6 19. dxc6 Bxc6 20. Nf1 Qb6 21. Qe2 Rad8 22. Ne3 Bb8 23. Red1 Nf8 24. Ncd5 Bxd5 25. exd5 Ng6 26. Rc6 Qb7 27. Rxf6 gxf6 28. Be4 Kh8 29. Qf3 Qb6 30. Qf5 Rg8 31. Rc1 Rd6 32. h5 Nf8 33. Rc8 Ng6 34. hxg6 fxg6 35. Rxg8+ Kxg8 36. Qc8+ Qd8 37. Qxd8+ Rxd8 38. g4 Bd6 39. Kf1 Kg7 40. Ke2 Ra8 41. Nc2 Re8 42. Na1 Rc8 43. Nb3 Rc4 44. f3 Rc8 45. Na5 Rc7 46. Nc6 h5 47. gxh5 gxh5 48. Bc1 h4 49. Bf5 Kh8 50. Be3 Rg7 51. Bc5 Bc7 52. d6 Bxd6 53. Bxd6 Rg2+ 54. Ke3 Ra2 55. Ke4 Rxa3 56. Ne7 Kg7 57. Bg4 Ra4 58. Kf5 Ra3 59. Ke4 Ra4 60. Kd5 a5 61. bxa5 Rxa5 62. Nf5+ Kg6 63. Nxh4+ Kg5 64. Ng2 b4+ 65. Kc4 b3 66. Kxb3 Rd5 67. Be7 Rd2 68. Ne1 Re2 69. Bb4 f5 70. Bh3 e4 71. Bf1 Rf2 72. Bc4 Kg6 73. Bc5 Rh2 74. f4 Rh3+ 75. Kc2 Rh1 76. Kd2 Rh7 77. Bd4 Rh2+ 78. Be2 Kf7 79. Nc2 Ke6 80. Ne3 Kd6 81. Nxf5+ Kd5 82. Be5 Ke6 83. Ne3 Rf2 84. Ng4 Rg2 85. Ke3 Kf5 86. Nf6 Rg3+ 87. Kf2 Ra3 88. Bg4+ Kg6 89. Nxe4 Ra2+ 90. Be2 Kf5 91. Ng3+ Ke6 92. Ke3 Ra3+ 93. Bd3 Rb3 94. Kd4 Kd7 95. Ne4 Ra3 96. f5 Ke8 97. Bc4 Rf3 98. f6 Kf8 99. Bd6+ Ke8 100. Ke5 Kd7 101. f7 Rg3 102. Nxg3 1-0

[Event "Reykjavik op"]
[Site "Reykjavik"]
[Date "2012.03.08"]
[Round "3"]
[White "Karlsson, Bjorn Ivar"]
[Black "Thorsteinsdottir, Hallgerdur"]
[Result "1/2-1/2"]
[WhiteElo "2250"]
[BlackElo "1959"]
[PlyCount "127"]
[EventDate "2012.03.06"]
[EventType "swiss"]
[EventRounds "9"]
[EventCountry "ISL"]
[SourceTitle "CBM 147 Extra"]
[Source "ChessBase"]
[SourceDate "2012.04.24"]
[SourceVersion "1"]
[SourceVersionDate "2012.04.24"]
[SourceQuality "1"]

1. e4 c6 2. Nf3 d5 3. Nc3 Bg4 4. h3 Bxf3 5. Qxf3 dxe4 6. Nxe4 e6 7. Bc4 Be7 8. 0-0 Nd7 9. d4 Nb6 10. Bb3 Nf6 11. c3 Nbd5 12. Re1 Nxe4 13. Qxe4 0-0 14. Bc2 g6 15. Bh6 Re8 16. Rad1 Rc8 17. Bb3 Bg5 18. Bxg5 Qxg5 19. h4 Qe7 20. g3 h5 21. Re2 Red8 22. Rde1 Qc7 23. Qf3 Rd7 24. Re5 Kg7 25. Bc2 Ne7 26. Kg2 Rd5 27. R5e2 b6 28. Be4 Rd7 29. Rd2 c5 30. Red1 Rcd8 31. Qe3 cxd4 32. Rxd4 Rxd4 33. Rxd4 Nf5 34. Bxf5 exf5 35. c4 Qc6+ 36. Kh2 Rxd4 37. Qxd4+ Qf6 38. Qd2 Qc6 39. b3 Qc7 40. Qd4+ Kg8 41. b4 Kf8 42. Kg2 Ke7 43. a3 Ke6 44. Qd5+ Kf6 45. f4 a5 46. Kf2 Ke7 47. Ke3 axb4 48. axb4 Qa7 49. Qe5+ Kd7 50. Qc3 Kc7 51. c5 b5 52. Qd3 Qb7 53. Kd2 Qc6 54. Kc3 Qd7 55. Qe3 Qc6 56. Kb2 Qd7 57. Qe2 Qc6 58. Qe3 Qd7 59. Kc3 Qc6 60. Qd3 Qd7 61. Qe3 Qc6 62. Kb2 Qd7 63. Qb3 Qc6 64. Qe3 1/2-1/2